000
00222 a2200097 4500
001
46188
100
_a
Theimer W
245
_a
Encyclopedia of World Politics
260
_a
London
_b
Faber & Faber
_c
090
_c
29294
_d
29294
942
_a
NUST-CAE
_c
M
_c
21440
999
_c
281261
_d
281261